Ensamblaje de un osciloscopio

Sábháilte in:
Sonraí bibleagrafaíochta
Príomhchruthaitheoir: Arias L, Oscar G
Rannpháirtithe: Páez Jiménez, José Miguel, 1951- Director de Proyecto Eléctrico
Formáid: LEABHAR
Foilsithe / Cruthaithe: [San José , Costa Rica] 1975
Clibeanna: Cuir clib leis
Níl clibeanna ann, Bí ar an gcéad duine le clib a chur leis an taifead seo!

MARC

LEADER 00000nam a2200000Ia 4500
003 PIE017
005 20231108135200.0
008 140116s1975 c a m 000 ||s d
040 |c cru CEDI 
090 |a PIE 17 
100 |a Arias L, Oscar G  |9 18271 
245 |a Ensamblaje de un osciloscopio 
260 |a [San José , Costa Rica]  |c 1975 
500 |a A la Cabeza de la portada. Universidad de Costa Rica. Departamento de Ingeniería Eléctrica. "IE-410 Proyecto eléctrico” 
501 |a Profesor Guía: Ingeniero José M. Páez J. 
700 |a Páez Jiménez, José Miguel, 1951-  |d Director de Proyecto Eléctrico   |9 733 
942 |c PIE  |h PIE-17  |i PIE017  |6 PIE_17_PIE017 
999 |c 13401  |d 13401